[Event "Eger Agria op"]
[Site "Eger Agria"]
[Date "1998.??.??"]
[Round "7"]
[White "Veress, Robert"]
[Black "Plecsko, Zoltan"]
[Result "1/2-1/2"]
[WhiteElo "2270"]
[BlackElo "2145"]

1.Nf3 d5 2.g3 Nf6 3.Bg2 Bf5 4.c4 e6 5.O-O Be7 6.Qb3 Qc8 7.Nc3 c6 8.h3 h6
9.d4 O-O 10.Bf4 Nbd7 11.Rac1 Ne4 12.Rfd1 Nxc3 13.Qxc3 Be4 14.Bf1 Re8 15.Nd2 Bh7
16.Bg2 Nf6 17.Re1 Qd7 18.Rcd1 Rad8 19.Qa5 Ra8 20.Be5 Qd8 21.Qc3 Nd7 22.Bf4  1/2-1/2

[Event "Eger Agria op"]
[Site "Eger Agria"]
[Date "1998.??.??"]
[Round "8"]
[White "Borsos, Bogdan"]
[Black "Koszta, Csaba"]
[Result "1-0"]
[WhiteElo "2360"]
[BlackElo "2180"]

1.Nf3 d5 2.g3 b6 3.Bg2 Bb7 4.O-O Nd7 5.c4 Ngf6 6.d4 e6 7.cxd5 Bxd5 8.Nc3 Bb7
9.Qa4 a6 10.Bf4 Be7 11.Qc2 O-O 12.Rad1 Qc8 13.e4 c6 14.Rfe1 Bb4 15.e5 Nd5
16.Ng5 g6 17.Bd2 Nxc3 18.bxc3 Be7 19.Qe4 Kg7 20.Qh4 Bxg5 21.Bxg5 h5 22.c4 Re8
23.Be4 c5 24.Bf6+ Nxf6 25.Qxf6+ Kh6 26.Qxf7 Bxe4 27.Qf4+ Kg7 28.Qf6+ Kh6
29.Qf4+ Kg7 30.Qf6+ Kh6 31.Rxe4 Rf8 32.Qe7 Rb8 33.h4 Rf5 34.d5 exd5 35.cxd5  1-0

[Event "FIN-ch"]
[Site "FIN"]
[Date "1998.??.??"]
[Round "6"]
[White "Valkesalmi, Kimmo"]
[Black "Kokkila, Tero"]
[Result "1-0"]
[WhiteElo "2375"]
[BlackElo "2270"]

1.Nf3 d5 2.g3 Nf6 3.Bg2 e6 4.O-O Be7 5.b3 b6 6.Bb2 O-O 7.c4 Bb7 8.e3 c5 9.Nc3 dxc4
10.bxc4 Nc6 11.Qe2 Qc7 12.Ne1 a6 13.f4 Rfd8 14.d3 Na7 15.a4 Bxg2 16.Qxg2 Rab8
17.g4 Ne8 18.g5 Nd6 19.Rf3 b5 20.axb5 axb5 21.cxb5 Naxb5 22.Rh3 Na7 23.Ne4 Nxe4
24.Qxe4 g6 25.Be5 Bd6 26.Bf6 Be7 27.Qf3 Bxf6 28.gxf6 Qb7 29.Rxh7 Qxf3 30.Rg7+ Kf8
31.Nxf3 Nc6 32.Ng5  1-0

[Event "FIN-chT 9798"]
[Site "Finland"]
[Date "1998.??.??"]
[Round "6"]
[White "Agopov, Mikael"]
[Black "Taivainen, Jukka"]
[Result "1/2-1/2"]
[WhiteElo "2305"]
[BlackElo "2295"]

1.Nf3 d5 2.g3 Nf6 3.Bg2 c5 4.c4 d4 5.b4 Qc7 6.bxc5 e5 7.Bb2 Nc6 8.e3 Bxc5
9.exd4 exd4 10.O-O O-O 11.d3 Bf5 12.Nh4 Bg4 13.Qd2 Rfe8 14.Nf3 h6 15.Na3 Rad8
16.Nc2 Qd7 17.Rfe1 Rxe1+ 18.Rxe1 Qd6 19.Re2 a6 20.h3 Be6 21.a4 Rb8 22.Qc1 Bf5
23.Nce1 Qd7 24.g4 Be6 25.Nc2 Rd8 26.Kh1 Qd6 27.Qe1 h5 28.Ng5 hxg4 29.Nxe6 fxe6
30.Rxe6 Qf4 31.Kg1 gxh3 32.Bxh3 Qf3 33.Qf1 Bd6 34.Bc1 Ne5 35.Nxd4 Qxd3 36.Be3 Qxf1+
37.Bxf1 Kf7 38.c5 Bxc5 39.Rxe5 Bxd4 40.Bc4+ Kg6 41.Re7 Bxe3 42.fxe3 Rd7 43.Re5 Rc7
44.Be2 Kf7 45.Kf2 Re7 46.Ra5 Ne4+ 47.Kf3 Kf6 48.Bd3 Nd6 49.Kf4 Rc7 50.e4 Nc4
51.Rf5+ Ke6 52.a5  1/2-1/2

[Event "FRA-chJM6"]
[Site "FRA"]
[Date "1998.??.??"]
[Round "4"]
[White "Minet, Steve"]
[Black "Gozzoli, Yannick"]
[Result "1-0"]
[WhiteElo "2080"]
[BlackElo "2225"]

1.Nf3 d5 2.g3 Nf6 3.Bg2 c6 4.b3 Bg4 5.Bb2 Nbd7 6.d3 Bxf3 7.Bxf3 e5 8.Nd2 Bd6
9.O-O O-O 10.Bg2 Re8 11.e4 dxe4 12.Nxe4 Nxe4 13.dxe4 Nf6 14.Qe2 Qe7 15.Rad1 Rad8
16.a4 a6 17.Rd3 Qe6 18.Rfd1 Bc7 19.Rxd8 Rxd8 20.Rxd8+ Bxd8 21.Qd2 Bc7 22.Ba3 b5
23.Qb4 Nd7 24.axb5 axb5 25.c4 bxc4 26.Qb7 Bd6 27.Bh3 Qxh3 28.Qc8+ Bf8 29.Bxf8 h6
30.Bd6+ Kh7 31.bxc4 Qg4 32.Qxc6 Nf6 33.Bxe5 Nxe4 34.Qa4 Qe2 35.Bd4 Nd2 36.Qa1 Nb3
37.Qb1+  1-0

[Event "FRA-chJM3"]
[Site "FRA"]
[Date "1998.??.??"]
[Round "4"]
[White "Maze, Sebastien"]
[Black "Jablonski, Noham"]
[Result "1-0"]
[WhiteElo "2175"]
[BlackElo "2080"]

1.Nf3 d5 2.g3 Nf6 3.Bg2 c5 4.c4 e6 5.O-O Be7 6.cxd5 exd5 7.d4 O-O 8.Nc3 Be6
9.Bf4 Nc6 10.Rc1 Rc8 11.h3 cxd4 12.Nxd4 Nxd4 13.Qxd4 Bc5 14.Qd3 Qd7 15.Kh2 Bf5
16.e4 dxe4 17.Qxd7 Bxd7 18.Nxe4 Nxe4 19.Bxe4 b6 20.Kg2 Rfe8 21.Bb7 Rcd8 22.Rfe1 Rxe1
23.Rxe1 Be6 24.a3 a5 25.Bf3 h6 26.h4 Rd3 27.Be4 Bd5 28.Bxd5 Rxd5 29.Re4 Rd4
30.Rxd4 Bxd4 31.b3 Bc5 32.a4 Kf8 33.f3 Ke7 34.Kf1 Ke6 35.Ke2 Kd5 36.Kd3 f6
37.h5 Bf2 38.g4 Bg1 39.Bc7 Bf2 40.Bf4 Bg1 41.Bd2 Bc5 42.Bc3 Bd6 43.Bb2 Be7
44.Bc1 Bc5 45.f4 Be7 46.Bd2 Bd6 47.g5 fxg5 48.fxg5 hxg5 49.Bxg5 Be5 50.Bc1 Bd4
51.Bd2 Ba1 52.Be3 Kc6 53.Ke4 b5 54.Bd2 bxa4 55.bxa4 Kb6 56.Kd5 Bb2 57.Be3+ Kc7
58.Bd2 Kb6 59.Ke6 Ba1 60.Kf7 Bb2 61.Ke6 Ba1 62.Kd6 Bd4 63.Kd7 Ba1 64.Be3+ Ka6
65.Kc6 Bf6 66.Kc5 Kb7 67.Bd4 Be7+ 68.Kb5 Bf8 69.Kxa5 Kc6 70.Ka6 Kd5 71.Bc3 Ke4
72.Kb6  1-0

[Event "Pyramiden Franken Cup"]
[Site "Fuerth"]
[Date "1998.??.??"]
[Round "1"]
[White "Hickl, Joerg"]
[Black "Junker, Rene"]
[Result "1-0"]
[WhiteElo "2540"]
[BlackElo "2115"]

1.g3 d5 2.Nf3 Nf6 3.Bg2 Bf5 4.d3 c6 5.Nbd2 Nbd7 6.b3 e5 7.Bb2 Bd6 8.O-O Qe7
9.e4 dxe4 10.dxe4 Be6 11.a3 Rd8 12.Qe2 O-O 13.h3 Ne8 14.Nh4 g6 15.Kh1 Ng7
16.Nhf3 f6 17.Nc4 Bxc4 18.Qxc4+ Qe6 19.Qe2 Be7 20.Kh2 Nb6 21.h4 Qd6 22.a4 a6
23.Bh3 Qc7 24.Bc3 Nc8 25.Kg2 Nd6 26.Nh2 Nf7 27.Ng4 Nh5 28.Ne3 Nd6 29.Bg4 Ng7
30.h5 f5 31.exf5 gxf5 32.h6 Nge8 33.Bxf5 Nxf5 34.Qg4+ Nfg7 35.Rad1 Bf6 36.Rxd8 Bxd8
37.hxg7 Nxg7 38.Qe4 Qf7 39.Ng4 Bc7 40.Nh6+  1-0

[Event "Pyramiden Franken Cup"]
[Site "Fuerth"]
[Date "1998.??.??"]
[Round "1"]
[White "Stuemer, Paul"]
[Black "Slobodjan, Roman"]
[Result "0-1"]
[WhiteElo "2155"]
[BlackElo "2575"]

1.Nf3 d5 2.g3 Bg4 3.Ne5 Bf5 4.c4 f6 5.Nf3 dxc4 6.Na3 e5 7.Nxc4 Be6 8.Ne3 Nc6
9.d3 Bc5 10.Bg2 Nge7 11.O-O Qd7 12.Bd2 a6 13.a3 O-O 14.b4 Ba7 15.Qc2 Rae8
16.Rfe1 g5 17.Rac1 g4 18.Nh4 f5 19.a4 f4 20.gxf4 exf4 21.Nxg4 Bxg4 22.Qc4+ Be6
23.Bh3 Ng6 24.Nf5 Nce5 25.Nh6+ Kg7 26.Bxe6 Rxe6  0-1

[Event "BCF-chT2 97/98"]
[Site "GBR"]
[Date "1998.??.??"]
[Round "1"]
[White "Noyce, Robert"]
[Black "Connolly, Suzanne"]
[Result "1/2-1/2"]
[WhiteElo "2180"]
[BlackElo "2100"]

1.Nf3 d5 2.g3 Nf6 3.Bg2 c6 4.O-O g6 5.d3 Bg7 6.Nbd2 O-O 7.e4 e6 8.Qe2 b6
9.e5 Nfd7 10.Re1 Bb7 11.Nf1 Qc7 12.Bf4 c5 13.h4 Nc6 14.N1h2 Rfe8 15.h5 Ne7
16.Ng4 Nf5 17.Nf6+ Bxf6 18.exf6 Qc6 19.Ne5 Qc8 20.Nxd7 Qxd7 21.Be5 Rec8 22.Qd2 Nd6
23.Qh6 Ne8 24.Kh2 a6 25.Rh1 Ra7 26.Kg1 d4 27.Bxb7 Qxb7 28.Re1 Qf3 29.Qg5 Qf5
30.f4 Qxg5 31.fxg5 Rd7 32.hxg6 fxg6 33.b3 Rc6 34.Re4 Nd6 35.Reh4 Nf5 36.Rxh7 Rxh7
37.f7+ Kxf7 38.Rxh7+ Ke8 39.Rh8+ Kf7 40.Rh7+ Ke8 41.Bf4 b5 42.g4 Ne7 43.Be5 c4
44.bxc4 bxc4 45.Bxd4 cxd3 46.cxd3 Rc1+ 47.Kf2 Rc2+ 48.Kf3 Rxa2 49.Rg7 Rd2
50.Ke3 Rg2 51.Bc5 Nd5+ 52.Kf3 Rd2 53.Ke4 Re2+ 54.Kd4 Nf4 55.Bd6 e5+ 56.Kc4 Rc2+  1/2-1/2

[Event "BCF-chT2 97/98"]
[Site "GBR"]
[Date "1998.??.??"]
[Round "7"]
[White "Hennigan, Michael"]
[Black "Dearing, Eddie"]
[Result "1-0"]
[WhiteElo "2415"]
[BlackElo "2295"]

1.Nf3 d5 2.g3 Nf6 3.Bg2 e6 4.O-O Be7 5.d3 O-O 6.Nbd2 c5 7.e4 Nc6 8.Ne1 b5
9.f4 c4 10.e5 Qb6+ 11.Kh1 Nd7 12.Nef3 cxd3 13.cxd3 a5 14.h4 b4 15.Re1 Ba6
16.Nf1 Nc5 17.Be3 Qb5 18.Bxc5 Bxc5 19.d4 Ba7 20.Ne3 Qb6 21.Nc2 b3 22.axb3 Qxb3
23.Rb1 a4 24.Re3 Qb6 25.Bf1 Bxf1 26.Qxf1 Rfc8 27.Qd3 g6 28.Qd2 Na5 29.Rc3 Nb3
30.Qe3 Rc7 31.f5 exf5 32.Qh6 Rxc3 33.bxc3 f6 34.Nb4 Rd8 35.Re1 Bb8 36.exf6 Qxf6
37.Ng5 Bxg3 38.Qxh7+ Kf8 39.Qh6+ Kg8 40.Qh7+ Kf8 41.Ne6+ Ke8 42.Re2 Nc1 43.Nxd5 Qxh4+
44.Qxh4 Bxh4 45.Rc2 Rxd5 46.Nc7+ Kf7 47.Nxd5 Bg5 48.Nb4 a3 49.d5 Be3 50.Kg2 f4
51.Kf3 g5 52.Rh2 Kf6 53.Kg4 Ke7 54.Rh7+ Kd6 55.Rh6+ Kc5 56.d6 Kb6 57.Rh8 a2
58.Nxa2 Nd3 59.Nb4 Ne5+ 60.Kf5 Nf7 61.d7 Kc7 62.Rh7 Nd6+ 63.Ke6 Nb7 64.d8=Q+ Kxd8
65.Rxb7 f3 66.Nd5 Kc8 67.Rf7 g4 68.Nxe3 g3 69.Rxf3  1-0

[Event "BCF-chT2 97/98"]
[Site "GBR"]
[Date "1998.??.??"]
[Round "11"]
[White "Corkett, Anthony"]
[Black "Sands, David"]
[Result "1/2-1/2"]
[WhiteElo "2295"]
[BlackElo "2255"]

1.Nf3 d5 2.g3 c6 3.Bg2 Bg4 4.d3 e6 5.Nbd2 Nf6 6.c3 Be7 7.Qc2 O-O 8.h3 Bh5
9.a3 a5 10.b3 Na6 11.Bb2 Re8 12.g4 Bg6 13.Ne5 Nd7 14.Nxg6 fxg6 15.O-O g5
16.d4 Nf8 17.Nf3 Ng6 18.Rae1 Nc7 19.Bc1 Rf8 20.e4 Nf4 21.Bxf4 Rxf4 22.exd5 exd5
23.Re5 h6 24.a4 Bd6 25.Re3 Rf8 26.Rfe1 Bf4 27.R3e2 Qf6 28.Ne5 Rad8 29.Ng6 Rfe8
30.Ne7+ Kh8 31.Ng6+ Kg8 32.Ne7+ Kh8 33.c4 dxc4 34.bxc4 Qxd4 35.Ng6+ Kg8 36.Ne7+ Kh8
37.Ng6+ Kg8 38.Ne7+ Kh8  1/2-1/2

[Event "Oberliga Sued W9798"]
[Site "GER"]
[Date "1998.??.??"]
[Round "?"]
[White "Schettler, Juergen"]
[Black "Niklasch, Oliver"]
[Result "0-1"]
[WhiteElo "2170"]
[BlackElo "2345"]

1.Nf3 d5 2.g3 Nf6 3.Bg2 c6 4.O-O Bg4 5.d3 Nbd7 6.Nbd2 e5 7.e4 Bd6 8.h3 Bh5
9.Qe1 O-O 10.Nh4 a5 11.Ndf3 Re8 12.Nf5 Bb4 13.Qe2 Qb6 14.g4 Bg6 15.N3h4 dxe4
16.dxe4 Bc5 17.Bf3 Nf8 18.g5 N6d7 19.Rd1 Qc7 20.Bg4 Ne6 21.c3 Rad8 22.a4 Ndf8
23.Rxd8 Rxd8 24.Nf3 Bb6 25.h4 Bxf5 26.exf5 e4 27.fxe6 Qg3+ 28.Kh1 Qxg4 29.exf7+ Kh8
30.Nd4 Qh3+ 31.Kg1 c5 32.Nb5 Ng6 33.Be3 Nxh4 34.f4 Nf3+ 35.Kf2 Qh2+ 36.Kf1 Qh1+
37.Kf2 Qxa1 38.Kg3 Qh1 39.Nd6 Qh4+ 40.Kg2 Qh2+ 41.Kf1 Qh1+ 42.Kf2 Qg1+  0-1

[Event "Oberliga Ost A9899"]
[Site "GER"]
[Date "1998.??.??"]
[Round "?"]
[White "Zeuner, Ulrich"]
[Black "Wanzek, Daniel"]
[Result "1/2-1/2"]
[WhiteElo "2100"]
[BlackElo "2095"]

1.Nf3 d5 2.g3 Nc6 3.c4 d4 4.Bg2 e5 5.d3 Nf6 6.O-O Nd7 7.e3 Be7 8.exd4 exd4
9.Na3 Nc5 10.Nc2 a5 11.Re1 Bg4 12.h3 Bh5 13.g4 Bg6 14.Nh4 O-O 15.Nf5 Bf6
16.Bf4 Qd7 17.Be4 Rfe8 18.Qf3 Nxe4 19.dxe4 d3 20.Rad1 Rad8 21.Nce3 d2 22.Rf1 Qd3
23.Qg3 Nd4 24.Nxd4 Bxd4 25.Nd5 Qxc4 26.Bxc7 Rxd5 27.exd5 Bd3 28.b3 Qb5 29.a4 Qa6
30.d6 Bf6 31.d7 Ra8 32.g5 Bd8 33.Qe3 h6 34.Qe8+ Kh7 35.Bxd8 Bxf1 36.Rxd2 Bxh3
37.Qe4+ g6 38.Bf6 Qf1+ 39.Kh2 Bxd7 40.Rxd7 Qxf2+ 41.Qg2 Qh4+ 42.Qh3 Qf2+
43.Qg2  1/2-1/2

[Event "Oberliga Ost A9899"]
[Site "GER"]
[Date "1998.??.??"]
[Round "?"]
[White "Neidig, Stefan"]
[Black "Kastner, Peter"]
[Result "1/2-1/2"]
[WhiteElo "2275"]
[BlackElo "2160"]

1.Nf3 d5 2.g3 c6 3.b3 Bg4 4.Bg2 Nd7 5.Bb2 Ngf6 6.O-O e6 7.d3 Bc5 8.Nbd2 O-O
9.e4 dxe4 10.dxe4 e5 11.h3 Bxf3 12.Qxf3 Qe7  1/2-1/2

[Event "Oberliga Nord N9899"]
[Site "GER"]
[Date "1998.??.??"]
[Round "?"]
[White "Junge, Kai"]
[Black "Von Buelow, Georg"]
[Result "1-0"]
[WhiteElo "2215"]
[BlackElo "2300"]

1.Nf3 d5 2.g3 c6 3.Bg2 g6 4.O-O Bg7 5.d4 Nf6 6.Nbd2 Ne4 7.Nxe4 dxe4 8.Ng5 f5
9.c3 h6 10.Nh3 g5 11.f3 exf3 12.exf3 Be6 13.Re1 Bd5 14.Qe2 Nd7 15.Nf2 Nf8
16.Nd3 Ng6 17.f4 Bxg2 18.Kxg2 Qd5+ 19.Kg1 O-O-O 20.fxg5 hxg5 21.Qe6+ Qxe6
22.Rxe6 Bf6 23.Bxg5 Nf8 24.Rxf6 exf6 25.Bxf6 Nd7 26.Bxh8 Rxh8 27.Rf1 Rf8
28.Kg2 Kc7 29.Nf4  1-0

[Event "Oberliga Ost B9899"]
[Site "GER"]
[Date "1998.??.??"]
[Round "?"]
[White "Petrosian, Suren"]
[Black "Galdunts, Sergey"]
[Result "1/2-1/2"]
[WhiteElo "2375"]
[BlackElo "2465"]

1.Nf3 d5 2.g3 c6 3.Bg2 Bg4 4.b3 Nd7 5.Bb2 Ngf6 6.c4 e6 7.O-O a5 8.a3 Qb6
9.Qc2 Nc5 10.b4 axb4 11.axb4 Rxa1 12.bxc5 Qa7 13.Bxa1 Qxa1 14.cxd5 exd5 15.Nc3 Qa3
16.d4 Be7 17.Rb1 Bc8 18.Na4 Bd8 19.Ne5 O-O 20.Nd3 Bf5 21.Qb3 Qxb3 22.Rxb3 Re8
23.Rxb7 Bxd3 24.exd3 Re1+ 25.Bf1 Ne8 26.Rb8 Bf6 27.Nc3 Re7 28.Ne2 Kf8 29.Rb6 Rc7
30.Bh3 g6 31.f4 Ng7 32.Kf2 h5 33.Rb8+ Ke7 34.Ke3 Ne6 35.Bxe6 Kxe6 36.Ng1 Kf5  1/2-1/2

[Event "NRW-Liga II 9899"]
[Site "GER"]
[Date "1998.??.??"]
[Round "1"]
[White "Carlier, Bruno"]
[Black "Prescha, Frank"]
[Result "1-0"]
[WhiteElo "2395"]
[BlackElo "2195"]

1.Nf3 d5 2.g3 c6 3.Bg2 Nf6 4.O-O Bf5 5.c4 e6 6.cxd5 exd5 7.d3 Be7 8.Qb3 Qb6
9.Qc2 Nbd7 10.Nc3 O-O 11.e4 dxe4 12.dxe4 Be6 13.Be3 Qa5 14.Nd4 Bc4 15.Nf5 Bc5
16.Bxc5 Qxc5 17.b4 Qxb4 18.Rfb1 Qa3 19.Rxb7 Nc5 20.Rc7 Bd3 21.Qd2 Rad8 22.Qc1 Qxc1+
23.Rxc1 Ncxe4 24.Ne7+ Kh8 25.Nxe4 Bxe4 26.Bxe4 Nxe4 27.Rc4 f5 28.R4xc6 g6
29.Rc2 a5 30.Nc6 Rd1+ 31.Kg2 f4 32.f3 Rd2+ 33.Rxd2 Nxd2 34.g4 Re8 35.Kf2 Nc4
36.Nd4 Ne3 37.Ne2 g5 38.Rc5 a4 39.Rxg5 Rb8 40.Nxf4 Nd1+ 41.Kg3 Rb2 42.Rd5 Nc3
43.Rd7 Nxa2 44.Ne6 Kg8 45.Rg7+ Kh8  1-0

[Event "NRW-Liga I 9899"]
[Site "GER"]
[Date "1998.??.??"]
[Round "4"]
[White "Siebert, Lutz"]
[Black "Schmidt, Ruediger"]
[Result "1/2-1/2"]
[WhiteElo "2260"]
[BlackElo "2190"]

1.Nf3 d5 2.g3 c6 3.Bg2 g6 4.O-O Bg7 5.d3 Bg4 6.h3 Bxf3 7.Bxf3 Qb6 8.c3 Nd7
9.Nd2 f5 10.e4 e6 11.exf5 exf5 12.Re1+ Kf8 13.Nb3 Ngf6 14.Be3 Qd8 15.Nc5 Nxc5
16.Bxc5+ Kg8 17.Qb3 b6 18.Be7 Qd7 19.c4 Re8 20.Bxf6 Rxe1+ 21.Rxe1 Bxf6 22.cxd5 cxd5
23.Bxd5+ Kg7 24.Rc1 Rd8 25.Be6 Qd6 26.Qc4  1/2-1/2

[Event "BL2-S9798"]
[Site "Germany"]
[Date "1998.??.??"]
[Round "?.2"]
[White "Rausis, Igors"]
[Black "Dittmar, Peter"]
[Result "1/2-1/2"]
[WhiteElo "2490"]
[BlackElo "2325"]

1.Nf3 d5 2.g3 c6 3.Bg2 Bg4 4.O-O Nd7 5.d4 e6 6.Nbd2 Ngf6 7.Re1 Be7 8.e4 O-O
9.c3 c5 10.exd5 Nxd5 11.Nc4 Rc8 12.Ne3 Nxe3 13.Bxe3 Nb6 14.dxc5 Qxd1 15.Raxd1 Bxc5
16.Bxc5 Rxc5 17.Rd4 Bxf3 18.Bxf3 Rc7 19.Red1 g6 20.Rb4 Rb8 21.a4 Nd7 22.Rbd4 Nc5
23.a5 Nb3 24.Ra4 b6 25.axb6 Rxb6 26.Ra2 Kg7 27.h4 h5 28.Kg2 Kf6 29.Ra3 Ke7
30.Kf1 a5 31.Kg2 Rc5 32.Be4 Re5 33.Bf3  1/2-1/2

[Event "Oberliga Ost B9798"]
[Site "Germany"]
[Date "1998.??.??"]
[Round "?.5"]
[White "Komljenovic, Luka"]
[Black "Jordan, Raul"]
[Result "0-1"]
[WhiteElo "2245"]
[BlackElo "2160"]

1.Nf3 d5 2.g3 Nf6 3.Bg2 Bg4 4.Ne5 Bf5 5.c4 c6 6.cxd5 cxd5 7.Qb3 Nc6 8.Qa4 Nd7
9.Nxf7 Kxf7 10.Bxd5+ e6 11.Bg2 Nc5 12.Qd1 Be7 13.O-O Rf8 14.Nc3 Kg8 15.d3 Rc8
16.Be3 Kh8 17.d4 Nd7 18.Bf4 Bg6 19.e4 e5 20.dxe5 Ndxe5 21.Nd5 Qe8 22.Rc1 Bd6
23.Rc3 Rd8 24.Qa4 h6 25.a3 a6 26.h3 Bh5 27.g4 Bg6 28.Bg3 b5 29.Qxa6 Nd4 30.Kh1 Ne2
31.Bxe5 Qxe5 32.f4 Nxf4 33.Rcf3 Ne6 34.Rxf8+ Rxf8 35.Rxf8+ Nxf8 36.Kg1 Bc5+
37.Kh1 Bd6 38.Kg1 Bc5+ 39.Kh1 Bxe4 40.Nc3 Bd6 41.Qxd6 Bxg2+  0-1

[Event "Oberliga Nord N9798"]
[Site "Germany"]
[Date "1998.??.??"]
[Round "?"]
[White "Rabeler, Gert"]
[Black "Heyken, Enno"]
[Result "0-1"]
[WhiteElo "2350"]
[BlackElo "2325"]

1.Nf3 d5 2.g3 g6 3.Bg2 Bg7 4.O-O e5 5.c4 dxc4 6.Na3 Be6 7.Qc2 Nc6 8.Nxc4 Nge7
9.d3 O-O 10.Be3 Nf5 11.Bc5 Re8 12.a4 b6 13.Ba3 Ncd4 14.Nxd4 Nxd4 15.Qd1 Bd5
16.Bxd5 Qxd5 17.e4 Qd7 18.b4 Rad8 19.b5 Ne6 20.Nb2 c6 21.bxc6 Qxc6 22.Rc1 Qd7
23.Kg2 h5 24.h4 Bf6 25.Rc3 Bxh4 26.gxh4 Nf4+  0-1

[Event "Bundesliga 9798"]
[Site "Germany"]
[Date "1998.??.??"]
[Round "?.7"]
[White "Troyke, Christian"]
[Black "Hennig, Dirk"]
[Result "0-1"]
[WhiteElo "2400"]
[BlackElo "2435"]

1.g3 d5 2.Nf3 c6 3.Bg2 Bg4 4.c4 e6 5.cxd5 exd5 6.O-O Nd7 7.d3 Ngf6 8.Nc3 Be7
9.h3 Bxf3 10.Bxf3 d4 11.Ne4 O-O 12.Nxf6+ Bxf6 13.Bd2 Re8 14.b4 Ne5 15.Bg2 Qd7
16.Rc1 h5 17.f4 Ng6 18.Rc5 Ne7 19.Rxh5 Nf5 20.Rxf5 Qxf5 21.g4 Qe6 22.g5 Bd8
23.Qb1 Bc7 24.Rf2 Qf5 25.Qf1 Rad8 26.a4 a5 27.Be4 Rxe4 28.dxe4 Qxe4 29.bxa5 Qc2
30.Bb4 Qxa4 31.Qb1 Qb5 32.g6 fxg6 33.Rg2 Qf5 34.Qb3+ Rd5 35.Rg5 Qxf4 36.Rxd5 Qh2+
37.Kf1 Qh1+ 38.Kf2 Qxd5 39.Qxd5+ cxd5 40.Ke1 Kf7 41.Kd2 Ke6 42.Kd3 Ke5 43.Be1 Bd8
44.Bf2 Bxa5 45.Bxd4+ Kf4 46.Bxg7 Bb6 47.h4 Bf2 48.Bf6 Kg4 49.e3 Bxh4 50.Bc3 Kf3
51.Be5 Bg5  0-1

[Event "Bundesliga 9798"]
[Site "Germany"]
[Date "1998.??.??"]
[Round "?.7"]
[White "Troyke, Christian"]
[Black "Kleeschaetzky, Ralf"]
[Result "1/2-1/2"]
[WhiteElo "2400"]
[BlackElo "2265"]

1.g3 d5 2.Nf3 c6 3.Bg2 Bg4 4.c4 e6 5.b3 Nf6 6.Bb2 Nbd7 7.O-O Bd6 8.d3 O-O
9.Nbd2 Qe7 10.a3 a5 11.h3 Bxf3 12.Nxf3 e5 13.Ne1 Rfd8 14.cxd5 cxd5 15.Nc2 d4
16.a4 Rab8 17.Na3 Bxa3 18.Bxa3 Qe6 19.Qd2 b6 20.b4 axb4 21.Bxb4 Nc5 22.Bxc5 bxc5
23.Rfc1 Rdc8 24.Qa2 Qa6 25.Rc4 Qa5 26.h4 g6 27.Rac1 Nd7 28.Bh3 Nb6 29.Bxc8 Nxc4
30.Bd7 Nb6 31.Bb5 Rc8 32.Qa3 Nd5 33.Rxc5 Qe1+ 34.Kg2 Rxc5 35.Qxc5 Ne3+ 36.fxe3 Qxe2+  1/2-1/2

[Event "Bundesliga 9798"]
[Site "Germany"]
[Date "1998.??.??"]
[Round "?.6"]
[White "Appel, Ralf"]
[Black "Backwinkel, Paul"]
[Result "1-0"]
[WhiteElo "2495"]
[BlackElo "2395"]

1.Nf3 d5 2.g3 c6 3.Bg2 Bg4 4.O-O Nd7 5.d3 Ngf6 6.Nbd2 e5 7.e4 dxe4 8.dxe4 Bc5
9.h3 Bxf3 10.Qxf3 O-O 11.Nc4 Qc7 12.Ne3 g6 13.a4 Ne8 14.h4 Ndf6 15.Nc4 Kg7
16.Qc3 Bd4 17.Qb4 Ng4 18.a5 a6 19.Bf3 Nef6 20.Ra3 Rfd8 21.Rb3 Rab8 22.Kg2 h5
23.Bg5 Rd7 24.Nb6 Bxb6 25.Qxb6 Qxb6 26.Rxb6 Rd4 27.c3 Ra4 28.Bxg4 hxg4 29.Bxf6+ Kxf6
30.b4 Ra2 31.Rd1 Ke7 32.c4 f5 33.b5 cxb5 34.cxb5 Rxa5 35.Rxg6 Rxb5 36.exf5 Rf8
37.Re6+ Kf7 38.Rd7+ Kg8 39.Rg6+ Kh8 40.Rh6+ Kg8 41.Rg6+ Kh8 42.f6  1-0

[Event "Oberliga Ost B9798"]
[Site "Germany"]
[Date "1998.??.??"]
[Round "?.4"]
[White "Habibi, Ali"]
[Black "Oumnov, Aleksei"]
[Result "1/2-1/2"]
[WhiteElo "2325"]
[BlackElo "2255"]

1.Nf3 d5 2.g3 Nf6 3.d3 g6 4.b3 Bg7 5.Bb2 c5 6.c4 d4 7.Bg2 a5 8.O-O Ra6 9.Na3 O-O
10.Nb5 Nc6 11.Ba3 Nb4 12.Bc1 Nd7 13.a3 Nc6 14.Rb1 Ndb8 15.e3 Bg4 16.exd4 Nxd4
17.Nbxd4 Bxd4 18.h3 Bxf3 19.Qxf3 Nc6 20.Kh2 Qd7 21.Qd5 Rd8 22.Bf4 Qxd5 23.Bxd5 e6
24.Bg2 Rd7 25.Kg1 Bc3 26.Be3 Bd4 27.Rfd1 Rb6 28.Kf1 Kg7 29.Bd2 Ra6 30.g4 h6
31.Bf4 Ra8 32.h4 Rad8 33.Bd2 Ra8 34.g5 h5 35.Be4 Ne5 36.f3 Nc6 37.f4 Ne7
38.b4 cxb4 39.axb4 a4 40.Ra1 Bxa1 41.Rxa1 Nf5 42.Bc3+ Kg8 43.Kf2 Ne7 44.Ra3 Ra7
45.b5 Nf5 46.b6 Ra6 47.c5 Ne7 48.Be5 Nd5 49.d4 Rd8 50.Bc7 Rc8 51.c6 Rxc7
52.bxc7 Rxc6 53.Rxa4 Rxc7 54.Bxd5 exd5 55.Ra8+ Kg7 56.Rd8 Rc2+ 57.Kf3 Rc3+
58.Kg2 b5 59.Rxd5 b4 60.Rd8 b3  1/2-1/2

[Event "Oberliga Ost B9798"]
[Site "Germany"]
[Date "1998.??.??"]
[Round "?.1"]
[White "Gutman, Lev"]
[Black "Vidoniak, Roman"]
[Result "1/2-1/2"]
[WhiteElo "2475"]
[BlackElo "2415"]

1.Nf3 d5 2.g3 c5 3.Bg2 g6 4.O-O Bg7 5.Nc3 d4 6.Na4 Nd7 7.c4 e5 8.Ne1 Ne7
9.Nd3 Qc7 10.b4 cxb4 11.Nxb4 Qxc4 12.Ba3 O-O 13.Rc1 Qe6 14.Qc2 Re8 15.e3 a5
16.Nd3 Nc6 17.Ndc5 Nxc5 18.Nxc5 Qe7 19.Qa4 Bf8 20.Rfe1 dxe3 21.dxe3 Rb8 22.Qb5 Qc7
23.Rc3 Bd7 24.Ne4 Kg7 25.Bxf8+ Rxf8 26.Nc5 Rfd8 27.Qb2 Bf5 28.h3 Kg8 29.g4 Bd7
30.Ne4 Be8 31.Nf6+ Kg7 32.g5 h6 33.h4 Qe7 34.a3 Rd6 35.Ne4 Rdd8 36.Rec1 Bd7
37.Nf6 Bf5 38.Rc5 Qd6 39.Rd5 Qe7 40.Rb5 Qd6 41.Rxb7 Rxb7 42.Qxb7 Ne7 43.Qb2 hxg5
44.hxg5 Kf8 45.Bf3 Rb8 46.Qa1 Rb3 47.Rd1 Rxa3 48.Qb2 Rd3 49.Ra1 Ng8 50.Nxg8 Kxg8
51.Rxa5 Qe7 52.Qxe5 Qxg5+ 53.Kf1 Rd8 54.Rd5 Rxd5 55.Qxd5 Bh3+ 56.Ke2 Qxd5  1/2-1/2

[Event "Oberliga Ost B9798"]
[Site "Germany"]
[Date "1998.??.??"]
[Round "?.1"]
[White "Bewersdorff, Oliver"]
[Black "Grabarczyk, Bogdan"]
[Result "1/2-1/2"]
[WhiteElo "2370"]
[BlackElo "2445"]

1.Nf3 d5 2.g3 Bg4 3.Bg2 Nd7 4.d4 e6 5.O-O Bd6 6.Nbd2 f5 7.c4 c6 8.Qb3 Rb8
9.Re1 Qe7 10.cxd5 exd5 11.e4 fxe4 12.Nxe4 dxe4 13.Ng5 Ngf6 14.Nxe4 Kd8 15.Bg5 Re8
16.Nxd6 Qxe1+ 17.Rxe1 Rxe1+ 18.Bf1 Bh3 19.Nf7+ Ke8 20.Nd6+ Kd8 21.Nf7+  1/2-1/2

[Event "Oberliga Ost B9798"]
[Site "Germany"]
[Date "1998.??.??"]
[Round "?.1"]
[White "Bewersdorff, Oliver"]
[Black "Euler, Gerd"]
[Result "1-0"]
[WhiteElo "2370"]
[BlackElo "2365"]

1.Nf3 d5 2.g3 Bg4 3.Bg2 c6 4.O-O Nd7 5.d4 e6 6.Nbd2 Ngf6 7.Re1 Be7 8.e4 dxe4
9.Nxe4 O-O 10.c3 Nxe4 11.Rxe4 Nf6 12.Re1 Qb6 13.Qb3 Rfd8 14.Ne5 Bf5 15.Nc4 Qxb3
16.axb3 Nd5 17.b4 Bf6 18.Bd2 g5 19.Na5 Rab8 20.Nb3 a6 21.Nc5 h6 22.Be4 Bxe4
23.Rxe4 Bg7 24.h4 Nf6 25.Re2 Rd5 26.hxg5 hxg5 27.Kg2 Bf8 28.Nb3 Bd6 29.Ra5 g4
30.Ra1 Kg7 31.Na5 Bc7 32.Nc4 Rh8 33.Rh1 Rxh1 34.Kxh1 Rh5+ 35.Kg2 Kg6 36.Re1 Nd7
37.Re4 Nf6 38.Re1 b5 39.Ne3 Ne4 40.Bc1 f5 41.Nxg4 Nf6 42.Nh2 Ne4 43.Nf1 Kf6
44.f3 Ng5 45.Bxg5+ Rxg5 46.Ra1 Bxg3 47.Nxg3 f4 48.Rxa6 Rxg3+ 49.Kf2 Rh3 50.Ke2 Kg5
51.Rxc6 Kh4 52.Rxe6 Rh2+ 53.Kd3 Kg3 54.Re5 Kxf3 55.Rxb5 Rxb2 56.Rf5 Rb1 57.b5 Kg4
58.Rf8 Rxb5 59.Ke4 Rb7 60.Rxf4+ Kg3 61.Rf8 Rc7 62.Kd3 Kg4 63.d5 Kg5 64.c4 Kg6
65.Kd4 Ra7 66.d6 Ra8 67.Rxa8 Kf7 68.d7 Ke6 69.d8=Q  1-0

[Event "BL2-W9798"]
[Site "Germany"]
[Date "1998.??.??"]
[Round "?.6"]
[White "Sukharisingh, Ralf"]
[Black "Morlo, Michael"]
[Result "1/2-1/2"]
[WhiteElo "2340"]
[BlackElo "2290"]

1.Nf3 d5 2.g3 Bg4 3.Bg2 Nd7 4.d4 e6 5.O-O c6 6.Nbd2 Ngf6 7.h3 Bh5 8.Re1 Be7
9.e4 Nxe4 10.Nxe4 dxe4 11.Rxe4 O-O 12.c3 Bg6 13.Re1 a5 14.Qb3 Qb6 15.Qxb6 Nxb6
16.Ne5 a4 17.Nxg6 hxg6 18.Rb1 Rfd8 19.Be4 Nd5 20.Bd2 Rd7 21.Rbd1 Bf6 22.h4 Nb6
23.Kg2 e5 24.dxe5 Bxe5 25.Bf4 Bxf4 26.gxf4 Re8 27.Kf3 Rde7 28.Re2 a3 29.b3 Nd5
30.Rc1 Kf8 31.Rcc2 Nf6 32.Bd3 Rd7 33.Rxe8+ Kxe8 34.Be2 Kd8 35.b4 b6 36.c4 c5
37.bxc5 bxc5 38.Rc3 Ra7 39.Bd3 Nd7 40.Rb3 Kc7 41.Ke3 Ra4 42.Kd2 Nb6 43.Kc3 Ra5
44.Bf1 Nc8 45.Bg2 Nd6 46.Bd5 Ra7 47.Rb1 Ra6 48.Re1 Kd7 49.Kb3 Rb6+ 50.Kxa3 Rb4
51.Rg1 Nxc4+ 52.Bxc4 Rxc4 53.f5 Rxh4 54.fxg6 Rf4  1/2-1/2

[Event "Bundesliga 9798"]
[Site "Germany"]
[Date "1998.??.??"]
[Round "?.6"]
[White "Ellers, Holger"]
[Black "Schmidt, Peter"]
[Result "1-0"]
[WhiteElo "2405"]
[BlackElo "2410"]

1.Nf3 d5 2.g3 c6 3.c4 Nf6 4.Bg2 dxc4 5.O-O Nbd7 6.Qc2 Nb6 7.a4 a5 8.Na3 Be6
9.Ne5 Qd4 10.Nxc6 bxc6 11.Bxc6+ Nfd7 12.Bxa8 Nxa8 13.d3 f6 14.Nxc4 h5 15.Nxa5 Qd5
16.Qc6 h4 17.Qxd5 Bxd5 18.e4 Be6 19.Be3 Bh3 20.Rfc1 Ne5 21.f4 Nf3+ 22.Kf2 Nxh2
23.gxh4 Bd7 24.Kg3 Ng4 25.Bc5 Nc7 26.b4 Na6 27.Nb3 g5 28.hxg5 fxg5 29.f5 Nf6
30.b5 Nxc5 31.Nxc5 Nh5+ 32.Kf3 Bg7 33.Rab1 Bd4 34.Nxd7 Kxd7 35.Rb4 Bb6 36.a5 g4+
37.Kxg4 Be3 38.Rf1 Nf6+ 39.Kf3 Bd2 40.Rd4+ Kc7 41.e5 Nd7 42.Rf2 Nxe5+ 43.Ke4 Bg5
44.Rc2+ Kb7 45.Rd5 Nf7 46.a6+ Kb8 47.Rd7 Nd6+ 48.Rxd6 exd6 49.b6 Bd8 50.a7+ Kb7
51.Rc8 Re8+ 52.Kf3  1-0